Open Data Biblioteca Nacional de Portugal


República Portuguesa: Ministério da Cultura
Biblioteca Nacional de Portugal

Catálogo da BNP: acesso por Identificadores Unívocos
Registos Bibliográficos associados ao registo de autoridade

Etiqueta de registo: 00000nkm 2200025 450
001 2281973
003 http://id.bnportugal.gov.pt/bib/catbnp/2281973
100 ## $a20260319f198- m y0pory01030103ba
101 0# $apor
102 ## $aPT
200 1# $aDia do Teatro de Amadores, 21 de março$bVisual gráfico]$fAPTA - Associação Portuguesa de Teatro de Amadores$gMário Calheiros
210 #9 $a[S.l.]$cAPTA - Associação Portuguesa de Teatro de Amadores,$d[198-?]$e[S.l.]:$gEurograf)
215 ## $a1 cartaz$ccolor.$d50x34 cm
306 ## $aDatação atribuída em conformidade com as características formais do documento
317 ## $aColeção Madeira Luís
702 #1 $aCalheiros,$bMário$4410$31992662
710 02 $aAssociação Portuguesa do Teatro de Amadores$3289435
801 #0 $aPT$bBN$gRPC
966 ## $lBN$mICONOG$sCT. 16713 V.$x3
971 ## $cCaticonografia9$d20260319
995 ## $aPRR2026

Etiqueta de registo: 00000nkm 2200025 450
001 2281968
003 http://id.bnportugal.gov.pt/bib/catbnp/2281968
100 ## $a20260319f198- m y0pory01030103ba
101 0# $apor
102 ## $aPT
200 1# $a1.º Festival nacional de teatro de amadores, distrito de Castelo Branco, 7, 8, 9 dezembro$bVisual gráfico]$fAPTA - Associação Portuguesa de Teatro de Amadores$gMário Calheiros
210 #9 $a[S.l.]$cAPTA - Associação Portuguesa de Teatro de Amadores,$d[198-?]
215 ## $a1 cartaz$ccolor.$d50x34 cm
306 ## $aDatação atribuída em conformidade com as características formais do documento
317 ## $aColeção Madeira Luís
702 #1 $aCalheiros,$bMário$4410$31992662
710 02 $aFestival Nacional de Teatro de Amadores,$d1,$eCastelo Branco,$f[198-?]$31992661
711 02 $aAssociação Portuguesa do Teatro de Amadores$3289435
801 #0 $aPT$bBN$gRPC
966 ## $lBN$mICONOG$sCT. 16712 V.$x3
971 ## $cCaticonografia9$d20260319
995 ## $aPRR2026

OpendataBNP@bnportugal.pt | Mais informação sobre acesso aos dados BNP